01158nam a2200277Ia 4500003000900000008004100009020001800050040001600068080002200084110003600106111007400142245022300216260004200439300001600481490002600497650004100523650002800564650002700592650003000619700003400649700003400683710003700717942000700754999001500761952010400776IN-BaIIA211028s9999 xx 000 0 eng d a90-277-0396-5 cIIA Library a082.2:52bIAU-S52 aIntenational Astronomical Union aIntenational Astronomical Union Symposiumn52ndcNew Yorkd197297679 0aInterstellar dust and related topicsbproceedings of the IAU symposium no.52 held in the state university of New York at Albany, New York, U.S.A., 29 May-2 June, 1972cedited by Mayo J. Greenberg and H. C. Van De Hulst aDordrechtbD. Reidel Publishingc1973 axvii, 584p. aIAU Symposium; no. 52 aAstronomy and Astrophysics Thesaurus aInterstellar dust95398 aInterstellar gas96620 aInterstellar matter91189 aGreenberg, Mayo J., ed.97680 aVan De Hult, H. C., ed.97681 aInternational Astronomical Union cBK c4384d4384 00104070aBANbBANcGENd1974-03-25l0o082.2:52/ IAU-S52p4891r2021-11-05w1974-03-25yBKGFree